1990-1993 Pop Songs by Artist and Lyric - Statistics

General Stats
  • This quiz has been taken 471 times
    157 since last reset
  • The average score is 9 of 18
Answer Stats
Lyric Artist Song Title % Correct
It's been seven hours and fifteen days / Since you took your love away Sinead O'Connor Nothing Compares 2 U
81%
Baby, don't hurt me / Don't hurt me no more Haddaway What Is Love
81%
You know I'm such a fool for you / You got me wrapped around your finger The Cranberries Linger
72%
Don't tell me it's not worth trying for / You can't tell me it's not worth dying for / You know it's true Bryan Adams (Everything I Do) I Do It For You
66%
And so I wake in the morning and I step outside / And I take a deep breath and I get real high 4 Non Blondes What's Up?
64%
It must have been good, but I lost it somehow Roxette It Must Have Been Love
63%
Bittersweet memories / That is all I'm taking with me Whitney Houston I Will Always Love You
60%
You know you gotta have hope / You know you gotta be strong Gabrielle Dreams
50%
Oh, my life / Is changing every day / In every possible way. The Cranberries Dreams
50%
I took my baby on a Saturday bang / "Boy, is that girl with you?" /Yes, we're one and the same Michael Jackson Black or White
45%
All I can say Is that my life is pretty plain / I like watchin' the puddles gather rain Blind Melon No Rain
43%
People then say I come from Jamaica / But I'm born and raised in the ghetto / That's all I want you to know Snow Informer
42%
I open up the paper / There's a story of an actor / Who had died while he was drinking / It was no one I had heard of Suzanne Vega Tom's Diner
34%
God is watching us Bette Midler From a Distance
28%
No I can't forget this evening / Or your face as you were leaving / But I guess that's just the way the story goes Air Supply Without You
25%
Young punk spilling beer on my shoes / Fat guy's talking to me / Trying to steal my blues Genesis I Can't Dance
24%
So many tears I've cried / So much pain inside Lenny Kravitz It Ain't Over 'Til It's Over
19%
You don't have money or a fancy car / And you're tired of wishin' on a falling star / You gotta put your faith in a loud guitar KISS God Gave Rock 'n Roll to You II
12%
No matching quizzes found
Score Distribution
Percent of People with Each Score
Percentile by Number Answered
Your Score History
You have not taken this quiz since the last reset